[Event "It IM, Kastav CRO"]
[Site "?"]
[Date "2001.??.??"]
[Round "3"]
[White "Lovric, B."]
[Black "Bistric, F."]
[Result "1-0"]
[WhiteElo "2370"]
[BlackElo "2455"]
[PlyCount "63"]
[EventDate "2001.??.??"]
[Source "www.chesslib.no"]
[SourceDate "2004.05.04"]

1. b3 Nf6 2. Bb2 g6 3. Bxf6 exf6 4. c4 c6 5. Nc3 d5 6. e3 Bb4 7. cxd5 cxd5 8. Qf3 Bxc3 9. dxc3 Nc6 10. Bb5 O-O 11. Bxc6 bxc6 12. Ne2 a5 13. O-O Qe7 14. Rfd1 Bb7 15. Nf4 Rfd8 16. Rd2 Qe5 17. Nd3 Qxc3 18. Qd1 f5 19. Rc1 Qf6 20. Nc5 Qe7 21. Rd4 Rdb8 22. Qd2 Bc8 23. Qc3 Bd7 24. h4 Be8 25. g3 Rb5 26. a4 Rbb8 27. b4 Qa7 28. Rb1 Qb6 29. Rb3 Qa7 30. h5 g5 31. h6 f6 32. Rd2 1-0

[Event "Hoogovens-B"]
[Site "Wijk aan Zee"]
[Date "1972.??.??"]
[Round "?"]
[White "Krnic, Zdenko"]
[Black "Karaklajic, Nikola"]
[Result "1/2-1/2"]
[WhiteElo "2400"]
[BlackElo "2420"]
[PlyCount "57"]
[EventDate "1972.??.??"]
[Source "ChessBase"]

1. b3 Nf6 2. Bb2 g6 3. g4 Bg7 4. g5 Nh5 5. d4 e5 6. h4 exd4 7. Bxd4 f6 8. Nh3 Nc6 9. Bb2 d6 10. Nc3 Bxh3 11. Rxh3 f5 12. e3 Qd7 13. Be2 O-O-O 14. Bxh5 gxh5 15. Qxh5 f4 16. Rf3 h6 17. g6 Rhf8 18. Rxf4 Rxf4 19. exf4 Qh3 20. O-O-O Bxc3 21. f5 Nb4 22. f6 Nxa2+ 23. Kb1 Bxb2 24. Kxb2 Qc3+ 25. Kxa2 Qxc2+ 26. Ka3 b5 27. g7 c5 28. Rxd6 Qc1+ 29. Ka2 1/2-1/2

[Event "Ch Spain (team) (Honor Gr.2)"]
[Site "Lugo (Spain)"]
[Date "2007.06.29"]
[Round "3"]
[White "Lezcano Jaen Pedro (ESP)"]
[Black "Bernal Moro Luis Javier (ESP)"]
[Result "1/2-1/2"]
[WhiteElo "2382"]
[BlackElo "2431"]
[PlyCount "133"]
[EventDate "2007.??.??"]
[Source "www.chesslib.no"]
[SourceDate "2004.05.04"]

1. b3 Nf6 2. Bb2 g6 3. Bxf6 exf6 4. c4 d5 5. cxd5 Qxd5 6. Nc3 Qa5 7. a3 c6 8. Nf3 f5 9. g3 Bd6 10. e3 Nd7 11. Bg2 O-O 12. O-O Nf6 13. b4 Qc7 14. Qb1 Qe7 15. Qb2 Bd7 16. d3 Rad8 17. Nd2 a6 18. Rfd1 h5 19. Nf3 Rfe8 20. Na4 Bc8 21. Nb6 Be6 22. Na4 Bc7 23. Nc5 Bc8 24. Rac1 Bd6 25. Nb3 Ng4 26. h3 Ne5 27. Nxe5 Bxe5 28. d4 Bb8 29. h4 g5 30. hxg5 Qxg5 31. Nd2 Qf6 32. Nf3 Be6 33. Nh4 f4 34. exf4 Bxf4 35. Rb1 Bg4 36. Re1 Bg5 37. Qc3 Rxe1+ 38. Rxe1 Qxd4 39. Qxd4 Rxd4 40. Nf3 Bxf3 41. Bxf3 h4 42. gxh4 Bxh4 43. Re4 Rxe4 44. Bxe4 Kf8 45. Bf5 Ke7 46. Bc8 b5 47. Kf1 Bf6 48. Ke2 Bb2 49. a4 bxa4 50. Kd3 a3 51. Kc2 Bd4 52. Kb3 a5 53. bxa5 Bxf2 54. Kxa3 Kd6 55. a6 Kd5 56. Bh3 Ba7 57. Kb3 Kd4 58. Bg2 c5 59. Bf1 f5 60. Bb5 f4 61. Be2 Ke3 62. Bc4 f3 63. Ka4 Kd4 64. Kb5 f2 65. Bf1 Kc3 66. Bc4 Kd4 67. Bf1 1/2-1/2

[Event "Balatonlelle GM"]
[Site "?"]
[Date "2003.06.28"]
[Round "8"]
[White "Hoelzl Franz"]
[Black "Bluvshtein Mark"]
[Result "0-1"]
[WhiteElo "2360"]
[BlackElo "2451"]
[PlyCount "110"]
[EventDate "2003.??.??"]
[Source "www.chesslib.no"]
[SourceDate "2004.05.04"]

1. b3 Nf6 2. Bb2 Nc6 3. e3 g6 4. d4 d6 5. Nf3 Bg7 6. d5 Nb8 7. Be2 O-O 8. O-O c6 9. dxc6 bxc6 10. c4 c5 11. Nc3 Bb7 12. Qc2 e6 13. Rad1 Qe7 14. Rd2 a6 15. Rfd1 Rd8 16. Na4 Ne4 17. Rd3 Nc6 18. Bxg7 Kxg7 19. a3 Kg8 20. Rb1 a5 21. Rdd1 f5 22. Bf1 Rab8 23. g3 g5 24. Bg2 g4 25. Nh4 Ne5 26. Nc3 Ng5 27. e4 Nc6 28. Re1 Nd4 29. Qd1 Rf8 30. b4 axb4 31. axb4 Qc7 32. exf5 Ngf3+ 33. Bxf3 Bxf3 34. Qd2 exf5 35. bxc5 Rxb1 36. Rxb1 dxc5 37. Nb5 Nxb5 38. Nxf3 Na3 39. Ra1 Nxc4 40. Qa2 gxf3 41. Qxc4+ Kh8 42. Qd5 f4 43. Qxf3 Qg7 44. Ra8 Rxa8 45. Qxa8+ Qg8 46. Qxg8+ Kxg8 47. g4 f3 48. Kf1 Kf7 49. Ke1 Kf6 50. Kd2 Kg5 51. Ke3 Kxg4 52. h3+ Kxh3 53. Kxf3 c4 54. Ke4 c3 55. Kd3 Kg4 0-1

[Event "HUN Ch"]
[Site "Budapest HUN"]
[Date "1976.??.??"]
[Round "12"]
[White "Sapi, Laszlo"]
[Black "Tompa, Janos"]
[Result "1/2-1/2"]
[WhiteElo "2395"]
[BlackElo "2415"]
[PlyCount "26"]
[EventDate "1976.12.??"]
[Source "www.chesslib.no"]
[SourceDate "2004.05.04"]

1. b3 Nf6 2. Bb2 b6 3. Nf3 Bb7 4. e3 e6 5. Be2 Be7 6. c4 c5 7. O-O Qc7 8. Be5 d6 9. Bg3 Nh5 10. Nc3 Nxg3 11. hxg3 a6 12. Rc1 Nd7 13. d4 O-O 1/2-1/2

[Event "Open 'Mediterraneo 2017'"]
[Site "Fiume CRO"]
[Date "2008.12.06"]
[Round "9.15"]
[White "Sale, Srdjan"]
[Black "Rukavina, Josip"]
[Result "1/2-1/2"]
[WhiteElo "2380"]
[BlackElo "2429"]
[PlyCount "141"]
[EventDate "2008.11.29"]
[Source "www.chesslib.no"]
[SourceDate "2004.05.04"]

1. b3 Nf6 2. Bb2 g6 3. Bxf6 exf6 4. c4 d5 5. cxd5 Qxd5 6. Nc3 Qa5 7. a3 c6 8. Nf3 Be7 9. e3 O-O 10. Be2 Rd8 11. O-O b5 12. Nd4 Qb6 13. a4 b4 14. a5 Qc7 15. Na4 Qxa5 16. Qc2 Bb7 17. Bf3 Rc8 18. Rfc1 Nd7 19. Nxc6 Bxc6 20. Bxc6 Ne5 21. Bxa8 Rxc2 22. Rxc2 Qd8 23. d4 Qxa8 24. dxe5 fxe5 25. Rd1 Qb7 26. Rc4 Kg7 27. e4 f5 28. f3 fxe4 29. fxe4 Kh6 30. Rd3 Bf8 31. g3 Kg5 32. Kg2 h5 33. Rd5 Kf6 34. Rc2 Be7 35. Rf2+ Kg7 36. Nb2 h4 37. Nc4 Qc8 38. Rxe5 h3+ 39. Kf1 Bf6 40. Rd5 Qa6 41. Ra5 Qe6 42. e5 Be7 43. Rxa7 Kh6 44. Rf4 Bc5 45. Ra5 Qd5 46. Ke2 Qg2+ 47. Kd3 Be7 48. Ne3 Qb2 49. Ng4+ Kg7 50. Ra7 Qxb3+ 51. Ke2 Qc2+ 52. Ke1 Qc5 53. Rd7 b3 54. Rf2 b2 55. Rxe7+ Qxe7 56. Rxb2 Qg5 57. Rb7+ Kf8 58. Rb8+ Ke7 59. Rb7+ Ke6 60. Rb6+ Ke7 61. Rb7+ Kd8 62. Nf2 Qxe5+ 63. Kf1 Qd5 64. Rh7 Qg2+ 65. Ke2 Qxh2 66. Rxh3 Qg2 67. g4 Ke7 68. Rf3 Qg1 69. Rf4 Ke6 70. Kf3 Qf1 71. g5 1/2-1/2

[Event "CCA/ICC"]
[Site "Stratton Mountain"]
[Date "2004.06.09"]
[Round "3"]
[White "Blatny, Pavel"]
[Black "Hoekstra, Matthew"]
[Result "0-1"]
[WhiteElo "2451"]
[BlackElo "2358"]
[PlyCount "70"]
[EventDate "2004.06.08"]
[Source "Roberto Alvarez"]
[SourceDate "2004.06.13"]

1. b3 Nf6 2. Bb2 d5 3. e3 Bf5 4. d3 Nbd7 5. h3 h5 6. Nf3 h4 7. Nbd2 c6 8. Qe2 Qa5 9. a3 Bg6 10. Rg1 O-O-O 11. b4 Qc7 12. c4 Kb8 13. e4 e6 14. Qe3 Ka8 15. Be2 c5 16. e5 d4 17. Nxd4 cxd4 18. Bxd4 Ng8 19. f4 Ne7 20. Qf2 Nf5 21. Bc3 Nb6 22. Ne4 Na4 23. Bd2 Nb2 24. c5 Nd4 25. Ra2 Nxe2 26. Rxb2 Bxe4 27. dxe4 Nxg1 28. Qxg1 Be7 29. Ke2 Qc6 30. Kf3 Rd3+ 31. Be3 Rhd8 32. Qb1 R8d4 33. Kf2 Rd8 34. Re2 Qa4 35. b5 Rxe3 0-1

[Event "FRA-chT"]
[Site "?"]
[Date "1991.??.??"]
[Round "?"]
[White "Chomet Pascal"]
[Black "Illescas Cordoba Miguel"]
[Result "0-1"]
[WhiteElo "2255"]
[BlackElo "2545"]
[PlyCount "44"]
[EventDate "1991.??.??"]
[Source "www.chesslib.no"]
[SourceDate "2004.05.04"]

1. b3 Nf6 2. Bb2 g6 3. Nf3 Bg7 4. e3 O-O 5. d4 d6 6. Be2 e5 7. c4 Nbd7 8. Nc3 Re8 9. Qc2 c6 10. a4 a5 11. Ba3 exd4 12. exd4 Nf8 13. O-O Bf5 14. Bd3 Bg4 15. Nd2 Ne6 16. d5 cxd5 17. cxd5 Nf4 18. Nc4 N6h5 19. Bxd6 Bxc3 20. Qxc3 Nxd3 21. f3 Ndf4 22. Ra2 Nxd5 0-1

[Event "Leba POL"]
[Site "?"]
[Date "2006.03.29"]
[Round "7.3"]
[White "Warakomski Tomasz"]
[Black "Luch Michal"]
[Result "1/2-1/2"]
[WhiteElo "2430"]
[BlackElo "2368"]
[PlyCount "44"]
[EventDate "2006.??.??"]
[Source "www.chesslib.no"]
[SourceDate "2004.05.04"]

1. b3 Nf6 2. Bb2 e6 3. f4 c5 4. Nf3 Be7 5. e3 O-O 6. g3 b6 7. Bg2 Bb7 8. O-O d5 9. Qe2 Qc7 10. d3 Rd8 11. h3 Nc6 12. Nbd2 Rac8 13. a3 Na5 14. Ne5 Ne8 15. e4 d4 16. g4 f6 17. Nec4 Nxc4 18. bxc4 e5 19. fxe5 fxe5 20. Nf3 g6 21. h4 Ng7 22. Bh3 Rf8 1/2-1/2

[Event "Yaroslavl"]
[Site "Yaroslavl"]
[Date "1990.??.??"]
[Round "?"]
[White "Vasiukov, Evgeni A"]
[Black "Bode, Ulf"]
[Result "1-0"]
[WhiteElo "2545"]
[BlackElo "2250"]
[PlyCount "51"]
[EventDate "1990.??.??"]
[Source "www.chesslib.no"]
[SourceDate "2004.05.04"]

1. b3 Nf6 2. Bb2 e6 3. g3 Be7 4. Bg2 O-O 5. e4 d5 6. e5 Nfd7 7. Nf3 c5 8. O-O Nc6 9. Re1 b5 10. Nc3 Rb8 11. Ne2 c4 12. h4 a5 13. a3 Qb6 14. d4 cxd3 15. cxd3 Nc5 16. Nf4 a4 17. b4 Nb3 18. Rb1 Ncd4 19. Nxd4 Nxd4 20. Nh5 f5 21. exf6 Bxf6 22. Nxf6+ Rxf6 23. Qg4 e5 24. Bxd5+ Ne6 25. Re3 Kh8 26. Bxe5 1-0

[Event "Andorra la Vella"]
[Site "?"]
[Date "2003.??.??"]
[Round "6"]
[White "Garcia Paolicchi Raul"]
[Black "De la Riva Oscar"]
[Result "0-1"]
[WhiteElo "2267"]
[BlackElo "2528"]
[PlyCount "76"]
[EventDate "2003.??.??"]
[Source "www.chesslib.no"]
[SourceDate "2004.05.04"]

1. b3 Nf6 2. Bb2 g6 3. Bxf6 exf6 4. d4 Bg7 5. g3 f5 6. Bg2 O-O 7. e3 d6 8. Ne2 Nd7 9. c4 Re8 10. Nbc3 Nf6 11. Qc2 c6 12. O-O Bd7 13. b4 Rc8 14. a4 Be6 15. Qd3 a5 16. Rab1 axb4 17. Rxb4 c5 18. Rxb7 cxd4 19. Nd5 Bxd5 20. cxd5 dxe3 21. fxe3 Nd7 22. Rb4 Qa5 23. Rfb1 Nc5 24. Qa3 Qa7 25. Nd4 Bxd4 26. Rxd4 Re5 27. a5 Rce8 28. Re1 Rb8 29. a6 Rb3 30. Qa5 Rbxe3 31. Rxe3 Rxe3 32. Qd2 Re8 33. Qf2 Qxa6 34. Rd1 Qa4 35. Rb1 Nd3 36. Qb6 Qc2 37. Bf3 Ne1 38. Bh1 Re2 0-1

[Event "Ch Pfalz"]
[Site "?"]
[Date "1999.??.??"]
[Round "1"]
[White "Ivanov Alexander"]
[Black "Kraemer Matthias"]
[Result "1/2-1/2"]
[WhiteElo "2515"]
[BlackElo "2280"]
[PlyCount "42"]
[EventDate "1999.??.??"]
[Source "www.chesslib.no"]
[SourceDate "2004.05.04"]

1. b3 Nf6 2. Bb2 g6 3. Bxf6 exf6 4. g3 f5 5. e3 Qf6 6. d4 Qc6 7. Nf3 Bb4+ 8. Ke2 O-O 9. c4 Re8 10. Bg2 Qf6 11. a3 Bf8 12. Nc3 c6 13. Qd3 b6 14. b4 Bb7 15. Rhc1 d6 16. Ne1 Bg7 17. Kf1 Nd7 18. b5 Rac8 19. bxc6 Bxc6 20. Nd5 Bxd5 21. Bxd5 h5 1/2-1/2

[Event "Pardubice"]
[Site "?"]
[Date "2006.07.22"]
[Round "2"]
[White "Blatny Pavel"]
[Black "Hasanova Elmira"]
[Result "1-0"]
[WhiteElo "2449"]
[BlackElo "2340"]
[PlyCount "49"]
[EventDate "2006.??.??"]
[Source "www.chesslib.no"]
[SourceDate "2004.05.04"]

1. b3 Nf6 2. Bb2 e6 3. g3 c5 4. Bg2 Be7 5. e3 Nc6 6. Ne2 b6 7. d3 Bb7 8. Nd2 O-O 9. h3 Qc7 10. g4 d6 11. Ng3 Ne5 12. Bxb7 Qxb7 13. Qe2 b5 14. f4 Nc6 15. g5 Nd5 16. c4 bxc4 17. dxc4 Ndb4 18. Nde4 d5 19. Nf6+ Bxf6 20. gxf6 g6 21. O-O dxc4 22. Qg4 Nb8 23. f5 Nd5 24. Qg5 Kh8 25. fxg6 1-0

[Event "Bad Wiessee"]
[Site "?"]
[Date "1999.10.24"]
[Round "2"]
[White "Bunzmann Dimitrij"]
[Black "Loos Roland"]
[Result "1-0"]
[WhiteElo "2596"]
[BlackElo "2192"]
[PlyCount "41"]
[EventDate "1999.??.??"]
[Source "www.chesslib.no"]
[SourceDate "2004.05.04"]

1. b3 Nf6 2. Bb2 g6 3. c4 Bg7 4. Nc3 O-O 5. Nf3 d6 6. d4 Nbd7 7. e3 e5 8. Be2 Re8 9. h3 e4 10. Nd2 c6 11. Qc2 Qe7 12. g4 Nf8 13. g5 Nh5 14. Qxe4 Qd8 15. Qg2 Ne6 16. O-O-O c5 17. Bxh5 cxd4 18. Nd5 dxe3 19. Ne4 gxh5 20. Nef6+ Kh8 21. fxe3 1-0